| 000 | 01120nam a2200265 a 4500 | ||
|---|---|---|---|
| 001 | 000044928 | ||
| 005 | 20240307073948.0 | ||
| 008 | 150119s2014 dr ac 000 0 spa d | ||
| 020 | _a9789945498110 | ||
| 040 |
_aDO-SdBNP _bspa _cBNPHU |
||
| 082 |
_axxxx _bxxxx |
||
| 100 | 1 |
_aHerrera Catalino, Fausto _972949 |
|
| 245 | 1 | 0 |
_aCrisis PRD : _bun desafío a la democracia / _cFausto Herrera Catalino ; presentación Tirso Mejía Ricart ; prólogo Miguel Ángel Martínez. |
| 250 | _a2a ed. | ||
| 260 |
_aSanto Domingo : _bUniversitaria, UASD, _c2014. |
||
| 300 |
_a255 p. : _bil., retrs. + CD ; _c22 cm. |
||
| 500 | _aLa biblioteca posee 3 ejemplares autografiados por el autor | ||
| 500 | _aIncluye referencias bibliográficas y notas al pie de las páginas | ||
| 500 | _aIncluye datos biográficos del autor en las solapas | ||
| 500 | _aIncluye índice onomástico | ||
| 504 | _aBibliografía : p. 248-252 | ||
| 700 | 1 | 2 |
_aMartínez, Miguel Ángel, _epról. _972950 |
| 700 | 1 | 2 |
_a Mejía-Ricart G., Tirso, _d1936-2021 _q(Mejía-Ricart Guzmán) _eprest. _91569 |
| 710 | 1 |
_aUniversidad Autónoma de Santo Domingo _972951 |
|
| 999 |
_c44417 _d44417 |
||